| 000 | 04386nam a22004458i 4500 | ||
|---|---|---|---|
| 001 | BRILL9789004527928 | ||
| 003 | nllekb | ||
| 005 | 20260415153942.0 | ||
| 006 | m d | ||
| 007 | cr un uuuua | ||
| 008 | 230131s2023 gw sb 001 0 eng d | ||
| 010 | _a 2022040952 | ||
| 020 |
_a9789004525481 _q(print) |
||
| 020 |
_a9789004527928 _q(electronic book) |
||
| 024 | 7 |
_a10.1163/9789004527928 _2DOI |
|
| 035 | _a(OCoLC)1356007214 | ||
| 040 |
_aNL-LeKB _cNL-LeKB _erda |
||
| 041 | _aeng | ||
| 050 | 4 | _aHN980 | |
| 072 | 7 |
_aHBG _2bicssc |
|
| 072 | 7 |
_aHIS _x037000 _2bisacsh |
|
| 082 | 0 | 4 |
_a306.09172 _223 |
| 245 | 1 | 0 |
_aGlobal Power and Local Struggles in Developing Countries : _bContemporary Perspectives On: Europe and the People without History, by Eric R. Wolf at 40 / _cedited by Paul Stacey. |
| 300 | _a1 online resource | ||
| 490 | 1 | _aSocial Sciences E-Books Online, Collection 2023 | |
| 490 | 1 |
_aStudies in Global Social History ; _v47/2 |
|
| 504 | _aIncludes bibliographical references and index. | ||
| 505 | 0 |
_tPreliminary Material / _rEditor: Paul Stacey -- Copyright Page / _rEditor: Paul Stacey -- Preface and Acknowledgements / _rEditor: Paul Stacey -- Notes on Contributors / _rEditor: Paul Stacey -- Chapter 1 Global Power and Local Struggles in Developing Countries: An Introduction / _rPaul Stacey -- Chapter 2 Commodifying the Countermovement: How Foreign Funding Turns Haitian Social Movements into Commodities / _rJoshua Steckley , Nixon Boumba , and Marylynn Steckley -- Chapter 3 A Brief History of Workers on the Move: Power in Puerto Rican Farm Labour Migration / _rIsmael García Colón -- Chapter 4 Masking the Past, Legitimizing the Present: State-Making and Precariatization in the Agro-Industrial Landscape, Colombia / _rInge-Merete Hougaard -- Chapter 5 A Political Ecology of Fetishism in Brazil's 'Discovery Coast' Crisis, Socio-environmental Hybridization, and Historical Amnesia on the Frontiers of Global Liberalism / _rGustavo S. Azenha -- Chapter 6 Europe and the People without Class: The Example of Ghana / _rIoannis Kyriakakis -- Chapter 7 Impossible Histories, Power, and Exclusion in the Gold Coast and Ghana 1930-2020 / _rPaul Stacey -- Chapter 8 Persistent Connections and Exclusions in Mozambique: From Colonial Anxieties to Contemporary Discourses about the Environment / _rRaquel Rodrigues Machaqueiro -- Chapter 9 Chinese Indonesian Identity at Work: Political Exclusion and Division of Labour in Indonesia / _rTirza van Bruggen -- Chapter 10 Global Competition and Local Advantages: The Agency of Samoan Factory Youth in an Untold History of the Automotive Supply Chain / _rMasami Tsujita -- Index / _rEditor: Paul Stacey. |
|
| 520 | _aThe volume challenges dominant narratives of progress with a rich range of investigations of local struggles from the Global south which are based on original ethnographic research. The chapters take a point of departure in ideas and concepts developed by the pioneering anthropologist Eric R. Wolf in 'Europe and the People Without History', and emphasize the relevance and usefulness of applying Wolf to contemporary contexts. As such, the collection contributes to knowledge of dynamic relationships between local agency in the Global south, and broader political and economic processes that make 'people without history.' This shows global power as both excluding local groups at the same time as conditioning local struggles and the forms that social organization takes. Contributors are: Paul Stacey, Joshua Steckley, Nixon Boumba, Marylynn Steckley, Ismael García Colón, Inge-Merete Hougaard, Gustavo S. Azenha, Ioannis Kyriakakis, Raquel Rodrigues Machaqueiro, Tirza van Bruggen, and Masami Tsujita. | ||
| 546 | _aEnglish | ||
| 650 | 0 | _aInfluence (Literary, artistic, etc.) | |
| 650 | 0 | _aSocial conditions. | |
| 650 | 0 |
_aSocial movements _xDeveloping countries. |
|
| 700 | 1 |
_aStacey, Paul, _eeditor. |
|
| 776 | 0 | 8 |
_iPrint version: _tGlobal Power and Local Struggles in Developing Countries : Contemporary Perspectives On: Europe and the People without History, by Eric R. Wolf at 40. _dLeiden ; Boston : Brill, 2023. _z9789004525481 _w(DLC) 2022040951 _w(OCoLC)1350966333 |
| 830 | 0 | _aSocial Sciences E-Books Online, Collection 2023. | |
| 830 | 0 |
_aStudies in Global Social History ; _v47/2. |
|
| 856 | 4 | _uhttp://dx.doi.org/10.1163/9789004527928 | |
| 942 |
_2ddc _cE-BOOK |
||
| 999 |
_c49363 _d49363 |
||